[Event "EU-ch Online U2300 Final"]
[Site "Chess.com INT"]
[Date "2020.05.26"]
[Round "6"]
[White "Berdnyk, Mariia"]
[Black "Khojayan, Vardan"]
[Result "1-0"]
[WhiteElo "2324"]
[BlackElo "2266"]
[PlyCount "61"]
[EventDate "2020.05.26"]
[EventType "swiss"]
[EventRounds "8"]
[EventCountry "NET"]
[SourceTitle "CBM 196 Extra"]
[Source "ChessBase"]
[SourceDate "2020.07.31"]
[SourceVersion "1"]
[SourceVersionDate "2020.07.31"]
[SourceQuality "1"]

1. c4 Nf6 2. Nc3 e6 3. Nf3 c5 4. d4 cxd4 5. Nxd4 d5 6. cxd5 Nxd5 7. Ndb5 a6 8. e4 Nxc3 9. Qxd8+ Kxd8 10. Nxc3 Bd6 11. Be3 Ke7 12. Be2 Nc6 13. f4 f6 14. 0-0 b5 15. e5 fxe5 16. fxe5 Bxe5 17. Rad1 Bf6 18. Bc5+ Kf7 19. Bf3 Ra7 20. Bxc6 Rc7 21. Rd6 Bb7 22. Bxb7 Rxc5 23. Ne4 Rc2 24. Rd7+ Ke8 25. Nxf6+ gxf6 26. Rfd1 Rf8 27. Bf3 Rc5 28. Rxh7 Rf7 29. Bh5 Rxh5 30. Rxh5 Rc7 31. Rh8+ 1-0

[Event "EU-ch Online U2300 Final"]
[Site "Chess.com INT"]
[Date "2020.05.26"]
[Round "2"]
[White "Khojayan, Vardan"]
[Black "Laux, Dominik"]
[Result "0-1"]
[WhiteElo "2266"]
[BlackElo "2009"]
[PlyCount "52"]
[EventDate "2020.05.26"]
[EventType "swiss"]
[EventRounds "8"]
[EventCountry "NET"]
[SourceTitle "CBM 196 Extra"]
[Source "ChessBase"]
[SourceDate "2020.07.31"]
[SourceVersion "1"]
[SourceVersionDate "2020.07.31"]
[SourceQuality "1"]

1. d4 d5 2. Nf3 Nf6 3. c4 c6 4. e3 e6 5. Nbd2 Nbd7 6. Bd3 Be7 7. 0-0 0-0 8. Qe2 dxc4 9. Nxc4 b5 10. Nce5 Bb7 11. Rd1 a6 12. a4 Qb6 13. b3 Rfd8 14. Ng5 Nxe5 15. dxe5 Nd5 16. Nxh7 Nc3 17. Qh5 Nxd1 18. Nf8 f5 19. exf6 Bxf6 20. Qh7+ Kxf8 21. Bg6 Bxa1 22. Ba3+ b4 23. Qh8+ Ke7 24. Qh4+ Bf6 25. Bxb4+ c5 26. Bxc5+ Qxc5 0-1

[Event "EU-ch Online U2300 Final"]
[Site "Chess.com INT"]
[Date "2020.05.26"]
[Round "4"]
[White "Khojayan, Vardan"]
[Black "Ponce Cano, Adrian"]
[Result "1-0"]
[WhiteElo "2266"]
[BlackElo "2169"]
[PlyCount "69"]
[EventDate "2020.05.26"]
[EventType "swiss"]
[EventRounds "8"]
[EventCountry "NET"]
[SourceTitle "CBM 196 Extra"]
[Source "ChessBase"]
[SourceDate "2020.07.31"]
[SourceVersion "1"]
[SourceVersionDate "2020.07.31"]
[SourceQuality "1"]

1. d4 d5 2. Nf3 e6 3. c4 c6 4. e3 Bd6 5. Nbd2 f5 6. b3 Nf6 7. Bb2 0-0 8. Be2 b6 9. 0-0 Bb7 10. Qc1 Nbd7 11. cxd5 exd5 12. Ne5 Rc8 13. f4 c5 14. Qb1 Ne4 15. Qd3 Ndf6 16. Ndf3 a6 17. Rfd1 b5 18. dxc5 Bxc5 19. Nd4 g6 20. Ne6 Qb6 21. Nxc5 Qxc5 22. Rac1 Qb6 23. b4 Rc4 24. Nxc4 bxc4 25. Qd4 Qxb4 26. Bf3 Bc6 27. Bxe4 fxe4 28. Bc3 Qa3 29. Rb1 Bb5 30. Rd2 Rf7 31. Qe5 h5 32. Rxd5 Qxa2 33. Rd8+ Kh7 34. Re1 Qc2 35. Rd6 1-0

[Event "EU-ch Online U2300 Final"]
[Site "Chess.com INT"]
[Date "2020.05.26"]
[Round "7"]
[White "Khojayan, Vardan"]
[Black "Sargissyan, Sargis"]
[Result "0-1"]
[WhiteElo "2266"]
[BlackElo "2269"]
[PlyCount "76"]
[EventDate "2020.05.26"]
[EventType "swiss"]
[EventRounds "8"]
[EventCountry "NET"]
[SourceTitle "CBM 196 Extra"]
[Source "ChessBase"]
[SourceDate "2020.07.31"]
[SourceVersion "1"]
[SourceVersionDate "2020.07.31"]
[SourceQuality "1"]

1. c4 Nf6 2. Nc3 g6 3. g3 Bg7 4. Bg2 0-0 5. e3 d6 6. Nge2 e5 7. 0-0 c6 8. Rb1 Be6 9. d3 a5 10. a3 Qd7 11. b4 axb4 12. axb4 Bh3 13. f3 Bxg2 14. Kxg2 d5 15. e4 Na6 16. Na4 dxe4 17. dxe4 Qe6 18. Qc2 Nd7 19. Be3 Rfc8 20. Rfc1 c5 21. b5 Nb4 22. Qb3 b6 23. Rd1 Ra7 24. Nac3 Rca8 25. Bc1 Bf8 26. Nd5 Nxd5 27. cxd5 Qd6 28. Nc3 Qc7 29. Qc4 Nf6 30. f4 Ne8 31. fxe5 Qxe5 32. Bf4 Nd6 33. Qd3 Qh5 34. e5 Nf5 35. d6 Nd4 36. Rd2 Ra3 37. Rf1 Kg7 38. Qc4 Qg4 0-1

[Event "EU-ch Online U2300 Final"]
[Site "Chess.com INT"]
[Date "2020.05.26"]
[Round "1"]
[White "Peycheva, Gergana"]
[Black "Khojayan, Vardan"]
[Result "1-0"]
[WhiteElo "2255"]
[BlackElo "2266"]
[PlyCount "63"]
[EventDate "2020.05.26"]
[EventType "swiss"]
[EventRounds "8"]
[EventCountry "NET"]
[SourceTitle "CBM 196 Extra"]
[Source "ChessBase"]
[SourceDate "2020.07.31"]
[SourceVersion "1"]
[SourceVersionDate "2020.07.31"]
[SourceQuality "1"]

1. d4 Nf6 2. c4 e6 3. Nc3 Bb4 4. e3 0-0 5. Nge2 c6 6. a3 Ba5 7. b4 Bc7 8. Ng3 d5 9. Bd3 Nbd7 10. 0-0 e5 11. cxd5 cxd5 12. Nb5 Bb8 13. dxe5 Nxe5 14. Be2 Bg4 15. Bb2 Re8 16. Rc1 a6 17. Nd4 Bxe2 18. Qxe2 Nc4 19. Rfd1 Bxg3 20. hxg3 Qd7 21. Ba1 Ne4 22. Nb3 Rad8 23. Rxc4 dxc4 24. Rxd7 Rxd7 25. Nc5 Nxc5 26. bxc5 Rd3 27. Qb2 f6 28. Qc2 Kh8 29. Bd4 Rxa3 30. Qxc4 Re7 31. c6 bxc6 32. Qc5 1-0

[Event "EU-ch Online U2300 Qual"]
[Site "Chess.com INT"]
[Date "2020.05.25"]
[Round "4"]
[White "Khojayan, Vardan"]
[Black "Prohorov, Olexandr"]
[Result "1-0"]
[WhiteElo "2266"]
[BlackElo "2086"]
[PlyCount "111"]
[EventDate "2020.05.25"]
[EventType "swiss"]
[EventRounds "8"]
[EventCountry "NET"]
[SourceTitle "EXT 2021"]
[Source "ChessBase"]
[SourceDate "2020.10.23"]
[SourceVersion "1"]
[SourceVersionDate "2020.10.23"]
[SourceQuality "1"]

1. c4 g6 2. Nc3 Bg7 3. g3 f5 4. Bg2 Nf6 5. e3 0-0 6. Nge2 d6 7. 0-0 e5 8. d3 Nc6 9. Rb1 a5 10. a3 Be6 11. Nd5 Qd7 12. b4 axb4 13. axb4 Nd8 14. b5 Qf7 15. b6 c6 16. Nc7 Rc8 17. Nxe6 Nxe6 18. Ba3 Rfd8 19. Qd2 Ra8 20. Bb2 h5 21. Ra1 Nd7 22. Qb4 Rxa1 23. Rxa1 f4 24. Nc3 Ndc5 25. Rd1 Rf8 26. exf4 exf4 27. f3 Bd4+ 28. Kh1 fxg3 29. Ne2 Qg7 30. Nxd4 Nxd4 31. Qc3 Nce6 32. Re1 c5 33. f4 Rxf4 34. Rxe6 Nxe6 35. Bd5 g2+ 36. Kxg2 Rd4 37. Bxe6+ Kh7 38. Qe1 Rg4+ 39. Bxg4 Qxb2+ 40. Be2 Qxb6 41. Qf2 Kg7 42. Qe3 Qc7 43. Bf3 Qf7 44. Qe4 b6 45. Qb7 Qxb7 46. Bxb7 Kf6 47. Kf3 Ke5 48. Be4 g5 49. Bg6 h4 50. Kg4 d5 51. Bf7 dxc4 52. dxc4 Kf6 53. Be8 Ke5 54. Kxg5 h3 55. Kg4 Kd4 56. Bb5 1-0

[Event "EU-ch Online U2300 Qual"]
[Site "Chess.com INT"]
[Date "2020.05.25"]
[Round "6"]
[White "Khojayan, Vardan"]
[Black "Ranaldi, Lucas"]
[Result "1/2-1/2"]
[WhiteElo "2266"]
[BlackElo "2353"]
[PlyCount "111"]
[EventDate "2020.05.25"]
[EventType "swiss"]
[EventRounds "8"]
[EventCountry "NET"]
[SourceTitle "EXT 2021"]
[Source "ChessBase"]
[SourceDate "2020.10.23"]
[SourceVersion "1"]
[SourceVersionDate "2020.10.23"]
[SourceQuality "1"]

1. c4 c5 2. Nc3 Nc6 3. g3 g6 4. Bg2 Bg7 5. e3 e5 6. Nge2 Nge7 7. 0-0 0-0 8. b3 d6 9. Bb2 f5 10. d3 Rb8 11. a3 Be6 12. Qd2 d5 13. Rad1 Qd7 14. Qc2 b6 15. cxd5 Nxd5 16. Nxd5 Bxd5 17. e4 Be6 18. b4 Nd4 19. Nxd4 cxd4 20. exf5 Bxf5 21. Be4 Rbc8 22. Qe2 Bg4 23. f3 Be6 24. Qd2 Bd5 25. Kg2 Rf7 26. Rc1 Rcf8 27. Rc2 Qe6 28. Bc1 Bxe4 29. dxe4 Qb3 30. f4 Bh6 31. Rf3 Qe6 32. Qf2 exf4 33. Qxd4 Bg7 34. Qd5 Qxd5 35. exd5 fxg3 36. Rxf7 Rxf7 37. hxg3 Rd7 38. Bf4 Rxd5 39. Rc8+ Bf8 40. Bh6 Rf5 41. Ra8 Rf7 42. Bxf8 Rxf8 43. Rxa7 Rd8 44. Rb7 Ra8 45. Rxb6 Rxa3 46. Rb7 h5 47. b5 Rb3 48. b6 Rb4 49. Kf2 Kh8 50. Kf3 Kg8 51. Ke3 g5 52. Kf3 Kh8 53. Kg2 Kg8 54. Kf3 Kh8 55. Kf2 Kg8 56. Kf3 1/2-1/2

[Event "ARM-ch 1st League 80th"]
[Site "Yerevan"]
[Date "2019.08.30"]
[Round "12"]
[White "Gharibyan, Mamikon"]
[Black "Khojayan, Vardan"]
[Result "0-1"]
[WhiteElo "2365"]
[BlackElo "2236"]
[PlyCount "80"]
[EventDate "2019.08.18"]
[EventType "tourn"]
[EventRounds "13"]
[EventCountry "ARM"]
[EventCategory "6"]
[SourceTitle "EXT 2020"]
[Source "ChessBase"]
[SourceDate "2019.10.17"]
[SourceVersion "1"]
[SourceVersionDate "2019.10.17"]
[SourceQuality "1"]

1. d4 Nf6 2. c4 e6 3. Nf3 c5 4. d5 exd5 5. cxd5 d6 6. Nc3 g6 7. Nd2 Nbd7 8. e4 Bg7 9. Be2 0-0 10. 0-0 Re8 11. h3 a6 12. a4 Rb8 13. Qc2 Nb6 14. a5 Na8 15. Nc4 b5 16. axb6 Nxb6 17. Na5 Qc7 18. Bf4 Nfd7 19. Rfc1 h6 20. Qd2 g5 21. Bg3 Ne5 22. f4 gxf4 23. Bxf4 Kh7 24. Rf1 Nbd7 25. Rf2 Rb4 26. Nc6 Nxc6 27. dxc6 Qxc6 28. Raf1 Ne5 29. Bxe5 Rxe5 30. Rxf7 Be6 31. R7f2 Rg5 32. Kh1 Be5 33. Bd1 Rb8 34. Qd3 c4 35. Qc2 Qc5 36. Qa4 Rbg8 37. Nd5 Bxh3 38. Rf7+ Kh8 39. Bf3 Bxg2+ 40. Bxg2 Rh5+ 0-1

[Event "ARM-ch 1st League 80th"]
[Site "Yerevan"]
[Date "2019.08.29"]
[Round "11"]
[White "Khojayan, Vardan"]
[Black "Hayrapetyan, Hovik"]
[Result "1/2-1/2"]
[WhiteElo "2236"]
[BlackElo "2453"]
[PlyCount "85"]
[EventDate "2019.08.18"]
[EventType "tourn"]
[EventRounds "13"]
[EventCountry "ARM"]
[EventCategory "6"]
[SourceTitle "EXT 2020"]
[Source "ChessBase"]
[SourceDate "2019.10.17"]
[SourceVersion "1"]
[SourceVersionDate "2019.10.17"]
[SourceQuality "1"]

1. Nf3 d5 2. g3 g6 3. Bg2 Bg7 4. 0-0 e5 5. d3 Ne7 6. e4 0-0 7. exd5 Nxd5 8. Re1 Nc6 9. Nbd2 Re8 10. c3 Bf5 11. Ne4 h6 12. Qc2 b6 13. b4 g5 14. b5 Na5 15. Bd2 c5 16. bxc6 Nxc6 17. Rab1 Nc7 18. h4 g4 19. Nh2 Qd7 20. f3 gxf3 21. Bxf3 Rad8 22. g4 Bh7 23. g5 Qxd3 24. Qxd3 Rxd3 25. gxh6 Bh8 26. Bg5 Re6 27. Rbd1 Rxd1 28. Rxd1 Ne8 29. Rd7 Bf5 30. Ng3 e4 31. Nxf5 exf3 32. Nxf3 Bxc3 33. h5 Ne5 34. Nxe5 Rxe5 35. h7+ Kxh7 36. Rxf7+ Kg8 37. Nh6+ Kh8 38. Nf5 Kg8 39. Nh6+ Kh8 40. Nf5 Kg8 41. Nh6+ Kh8 42. Nf5 Kg8 43. Nh6+ 1/2-1/2

[Event "ARM-ch 1st League 80th"]
[Site "Yerevan"]
[Date "2019.08.27"]
[Round "9"]
[White "Khojayan, Vardan"]
[Black "Harutjunyan, Gevorg"]
[Result "0-1"]
[WhiteElo "2236"]
[BlackElo "2455"]
[PlyCount "76"]
[EventDate "2019.08.18"]
[EventType "tourn"]
[EventRounds "13"]
[EventCountry "ARM"]
[EventCategory "6"]
[SourceTitle "EXT 2020"]
[Source "ChessBase"]
[SourceDate "2019.10.17"]
[SourceVersion "1"]
[SourceVersionDate "2019.10.17"]
[SourceQuality "1"]

1. Nf3 d5 2. c4 d4 3. e3 Nc6 4. exd4 Nxd4 5. Nxd4 Qxd4 6. Nc3 c6 7. d3 g6 8. Be3 Qd8 9. Be2 Bg7 10. Qd2 h5 11. 0-0 Nh6 12. Rfe1 Nf5 13. Bg5 0-0 14. Bf1 f6 15. Be3 e5 16. Bc5 Rf7 17. Ne2 b6 18. Ba3 Rd7 19. Rad1 a5 20. c5 Bf8 21. Qc2 b5 22. b4 Kh7 23. d4 axb4 24. Bb2 Rxa2 25. Qb3 Rxb2 26. Qxb2 Bxc5 27. Qc2 Bxd4 28. Qxc6 b3 29. Rb1 Rc7 30. Qxb5 Rb7 31. Qc4 Bxf2+ 32. Kxf2 Qb6+ 33. Nd4 Nxd4 34. Qxc8 Rc7 35. Qa6 Rc2+ 36. Kg3 Nf5+ 37. Kh3 Qb4 38. Bc4 Rxc4 0-1

[Event "ARM-chT"]
[Site "Yerevan"]
[Date "2018.06.12"]
[Round "5.1"]
[White "Gabuzyan, Hovhannes"]
[Black "Khojayan, Vardan"]
[Result "1-0"]
[WhiteElo "2539"]
[BlackElo "2253"]
[PlyCount "79"]
[EventDate "2018.06.08"]
[EventType "team-tourn"]
[EventRounds "7"]
[EventCountry "ARM"]
[SourceTitle "CBM 184 Extra"]
[Source "ChessBase"]
[SourceDate "2018.06.28"]
[SourceVersion "1"]
[SourceVersionDate "2018.06.28"]
[SourceQuality "1"]
[WhiteTeam "Chessify"]
[BlackTeam "Kanaker Zeytun"]
[WhiteTeamCountry "ARM"]
[BlackTeamCountry "ARM"]

1. Nf3 Nf6 2. g3 b6 3. Bg2 Bb7 4. c4 c5 5. Nc3 g6 6. 0-0 Bg7 7. Re1 Ne4 8. Na4 Nc6 9. d3 Nf6 10. e4 0-0 11. a3 d6 12. Nc3 Nd7 13. Be3 Rc8 14. Qd2 a6 15. Rab1 Nd4 16. b4 Ba8 17. Ne2 Nxf3+ 18. Bxf3 f5 19. Nf4 fxe4 20. dxe4 Ne5 21. Bg2 Qd7 22. Qe2 g5 23. Nd5 Bxd5 24. exd5 cxb4 25. Rxb4 a5 26. Rb3 Qf5 27. Bxb6 Nxc4 28. Be4 Qh3 29. Bg2 Qf5 30. Rf3 Qe5 31. Qd1 Qb2 32. Ba7 Ne5 33. Rxf8+ Rxf8 34. a4 g4 35. Be3 Nf3+ 36. Bxf3 Rxf3 37. h3 Qb4 38. hxg4 Qxg4 39. Kg2 Bc3 40. Rf1 1-0

[Event "ARM-chT"]
[Site "Yerevan"]
[Date "2018.06.10"]
[Round "3.1"]
[White "Khojayan, Vardan"]
[Black "Sargsyan, Tigran R"]
[Result "1-0"]
[WhiteElo "2253"]
[BlackElo "2136"]
[PlyCount "102"]
[EventDate "2018.06.08"]
[EventType "team-tourn"]
[EventRounds "7"]
[EventCountry "ARM"]
[SourceTitle "CBM 184 Extra"]
[Source "ChessBase"]
[SourceDate "2018.06.28"]
[SourceVersion "1"]
[SourceVersionDate "2018.06.28"]
[SourceQuality "1"]
[WhiteTeam "Kanaker Zeytun"]
[BlackTeam "Chess Academy"]
[WhiteTeamCountry "ARM"]
[BlackTeamCountry "ARM"]

1. Nf3 d5 2. g3 c6 3. Bg2 Bg4 4. 0-0 Nd7 5. d3 e6 6. Nbd2 Bd6 7. b3 Ne7 8. Bb2 0-0 9. h3 Bh5 10. e4 a5 11. a4 e5 12. Qe2 d4 13. Nc4 Bc7 14. g4 Bg6 15. c3 c5 16. cxd4 cxd4 17. Ba3 Re8 18. Nh4 Nf8 19. Nf5 Nc6 20. Nfd6 Bxd6 21. Nxd6 Re7 22. f4 exf4 23. Nf5 Rd7 24. Rxf4 Ne6 25. Rff1 Ne5 26. Rac1 Qb6 27. Qc2 Rc7 28. Ne7+ Kh8 29. Nd5 Rxc2 30. Nxb6 Rxc1 31. Rxc1 Re8 32. Bf1 Nf4 33. Rd1 h5 34. g5 h4 35. Kf2 Bh5 36. Rd2 Nf3 37. Rc2 Nxg5 38. Bc1 Nfxh3+ 39. Bxh3 Nxh3+ 40. Kg2 Bg4 41. Rc4 Rd8 42. Nd5 f5 43. Rxd4 f4 44. Rc4 f3+ 45. Kf1 g5 46. Bb2+ Kg8 47. Nf6+ Kf8 48. Ba3+ Kg7 49. Nxg4 Rxd3 50. Rc7+ Kh8 51. Bb2+ Kg8 1-0

[Event "Moscow op-E"]
[Site "Moscow"]
[Date "2011.02.06"]
[Round "9.57"]
[White "Sivuk, Vitaly"]
[Black "Khojayan, Vardan"]
[Result "0-1"]
[WhiteElo "2428"]
[BlackElo "2230"]
[PlyCount "98"]
[EventDate "2011.01.29"]
[EventType "swiss"]
[EventRounds "9"]
[EventCountry "RUS"]
[SourceTitle "EXT 2022"]
[Source "ChessBase"]
[SourceDate "2021.10.06"]
[SourceVersion "1"]
[SourceVersionDate "2021.10.06"]
[SourceQuality "1"]

1. e4 c5 2. Nf3 d6 3. d4 cxd4 4. Nxd4 Nf6 5. Nc3 a6 6. h3 e6 7. g4 Nc6 8. Be3 Qc7 9. g5 Nd7 10. f4 b5 11. Bg2 Bb7 12. Qe2 Be7 13. h4 b4 14. Nd1 Nxd4 15. Bxd4 e5 16. Be3 Rc8 17. c3 exf4 18. Bxf4 Ne5 19. cxb4 Qc4 20. Qxc4 Rxc4 21. 0-0 Bxe4 22. Bxe4 Rxe4 23. b5 Ng6 24. Bg3 axb5 25. Nc3 Rg4 26. Kh2 h6 27. Kh3 Rb4 28. Nd5 Rxb2 29. Nxe7 Nxe7 30. Bxd6 Rd2 31. Rfd1 Rxd1 32. Rxd1 Nf5 33. Bc7 Ke7 34. Rd5 g6 35. Be5 Ra8 36. Bf6+ Ke6 37. Re5+ Kd6 38. Rxf5 gxf5 39. gxh6 Ke6 40. Bg7 Ra3+ 41. Kg2 Rxa2+ 42. Kf3 b4 43. h7 Ra8 44. Ke3 f6 45. h5 f4+ 46. Kd3 b3 47. Bh6 b2 48. Kc2 f3 49. Be3 Rh8 0-1

[Event "Moscow op-E"]
[Site "Moscow"]
[Date "2011.02.05"]
[Round "8.55"]
[White "Kotenko, Pavel"]
[Black "Khojayan, Vardan"]
[Result "1/2-1/2"]
[WhiteElo "2405"]
[BlackElo "2230"]
[PlyCount "133"]
[EventDate "2011.01.29"]
[EventType "swiss"]
[EventRounds "9"]
[EventCountry "RUS"]
[SourceTitle "EXT 2022"]
[Source "ChessBase"]
[SourceDate "2021.10.06"]
[SourceVersion "1"]
[SourceVersionDate "2021.10.06"]
[SourceQuality "1"]

1. e4 c5 2. Nf3 d6 3. d4 cxd4 4. Nxd4 Nf6 5. Nc3 a6 6. Be2 e5 7. Nb3 Be7 8. Bg5 Nbd7 9. a4 h6 10. Be3 b6 11. Nd5 Bb7 12. Nxe7 Qxe7 13. f3 d5 14. exd5 Nxd5 15. Qd2 0-0 16. 0-0 Rad8 17. Rfe1 Nb4 18. a5 Nf6 19. Qc1 Rc8 20. c4 b5 21. Nd2 Nfd5 22. Ra3 Nxe3 23. Rxe3 Nd5 24. Rb3 Nf4 25. Bf1 Rfd8 26. Rc3 Qg5 27. Rce3 Rd4 28. Kh1 f6 29. Ne4 Bxe4 30. Rxe4 bxc4 31. Rxd4 exd4 32. g3 Nd5 33. Bxc4 Qxc1 34. Rxc1 Kf8 35. b3 Ne3 36. Re1 Nxc4 37. bxc4 Rxc4 38. Re6 d3 39. Rd6 Rc3 40. Kg2 Ke7 41. Rd4 Rc2+ 42. Kh3 d2 43. f4 Ke6 44. Kg4 h5+ 45. Kf3 Ra2 46. Rd8 Ra3+ 47. Kg2 Rxa5 48. Rxd2 Kf5 49. Rd7 g6 50. Rd6 h4 51. Kh3 Ra2 52. g4+ Kxf4 53. Rxf6+ Kg5 54. Rf3 a5 55. Rc3 a4 56. Rc5+ Kh6 57. Ra5 Ra3+ 58. Kg2 Ra2+ 59. Kh3 Ra3+ 60. Kg2 Kg7 61. g5 Kf7 62. Ra6 h3+ 63. Kf2 Kg7 64. Ra7+ Kg8 65. Ra6 Kf7 66. Rf6+ Kg7 67. Ra6 1/2-1/2

[Event "Jermuk Asrian Memorial 3rd"]
[Site "Jermuk"]
[Date "2010.10.09"]
[Round "5"]
[White "Khojayan, Vardan"]
[Black "Babujian, Levon"]
[Result "0-1"]
[WhiteElo "2219"]
[BlackElo "2505"]
[PlyCount "84"]
[EventDate "2010.10.05"]
[EventType "swiss"]
[EventRounds "9"]
[EventCountry "ARM"]
[SourceTitle "CBM 138 Extra"]
[Source "ChessBase"]
[SourceDate "2010.10.29"]
[SourceVersion "1"]
[SourceVersionDate "2010.10.29"]
[SourceQuality "1"]

1. c4 e5 2. Nc3 Nc6 3. Nf3 f5 4. d4 e4 5. Nd2 Nf6 6. e3 g6 7. Be2 Bg7 8. 0-0 0-0 9. Rb1 d6 10. b4 g5 11. b5 Ne7 12. f3 exf3 13. Nxf3 h6 14. Qc2 Qe8 15. Bd2 Ne4 16. Bd3 Nxd2 17. Qxd2 c5 18. bxc6 bxc6 19. d5 cxd5 20. cxd5 Bd7 21. Bc2 Rc8 22. Nd4 Rc5 23. Bb3 a5 24. a3 Ng6 25. Rbc1 Qb8 26. Nce2 Rxc1 27. Qxc1 Bb5 28. Bc4 Bd7 29. Bd3 Ne7 30. Qd2 Qb6 31. Rb1 Qa7 32. Kh1 Kh8 33. Bb5 Nxd5 34. Bxd7 Qxd7 35. Qxa5 Nxe3 36. Qd2 f4 37. Qd3 Be5 38. a4 Qg4 39. Rg1 Qh5 40. Nf3 g4 41. Nxf4 Rxf4 42. Qxe3 Re4 0-1

[Event "Jermuk Asrian Memorial 3rd"]
[Site "Jermuk"]
[Date "2010.10.08"]
[Round "4"]
[White "Petrosian, Davit Gevorgi"]
[Black "Khojayan, Vardan"]
[Result "1-0"]
[WhiteElo "2487"]
[BlackElo "2219"]
[PlyCount "103"]
[EventDate "2010.10.05"]
[EventType "swiss"]
[EventRounds "9"]
[EventCountry "ARM"]
[SourceTitle "CBM 138 Extra"]
[Source "ChessBase"]
[SourceDate "2010.10.29"]
[SourceVersion "1"]
[SourceVersionDate "2010.10.29"]
[SourceQuality "1"]

1. e4 c5 2. Nf3 d6 3. d4 cxd4 4. Nxd4 Nf6 5. Nc3 a6 6. Be3 e5 7. Nf3 Be7 8. Bc4 0-0 9. 0-0 Nc6 10. Bg5 Be6 11. Bb3 Na5 12. Bxf6 Bxf6 13. Nd5 Nxb3 14. axb3 Bg5 15. Qd3 Rc8 16. c3 Bh6 17. Nd2 Bxd2 18. Qxd2 f5 19. exf5 Rxf5 20. Rad1 Qf8 21. c4 Bf7 22. Qb4 b5 23. Ne3 Rf4 24. Qxd6 Qxd6 25. Rxd6 bxc4 26. Rc1 Rd4 27. Rxa6 Rcd8 28. bxc4 Bxc4 29. Ra7 Be6 30. h3 R8d7 31. Ra5 e4 32. Re5 Kf7 33. Rc6 Ba2 34. Rf5+ Ke8 35. Rc8+ Rd8 36. Rxd8+ Kxd8 37. Ra5 Be6 38. Ra7 Bd7 39. g4 Rb4 40. Ra2 Be6 41. Ra7 Bd7 42. Ra8+ Bc8 43. Nf5 Kc7 44. Nxg7 Rb3 45. Ne8+ Kb7 46. Ra3 Rxb2 47. Nd6+ Kc7 48. Nxc8 Kxc8 49. Ra7 Rb1+ 50. Kg2 h6 51. Re7 Re1 52. Rh7 1-0

[Event "Jermuk Asrian Memorial 3rd"]
[Site "Jermuk"]
[Date "2010.10.05"]
[Round "1"]
[White "Khojayan, Vardan"]
[Black "Andriasian, Zaven"]
[Result "1/2-1/2"]
[WhiteElo "2219"]
[BlackElo "2579"]
[PlyCount "98"]
[EventDate "2010.10.05"]
[EventType "swiss"]
[EventRounds "9"]
[EventCountry "ARM"]
[SourceTitle "CBM 138 Extra"]
[Source "ChessBase"]
[SourceDate "2010.10.29"]
[SourceVersion "1"]
[SourceVersionDate "2010.10.29"]
[SourceQuality "1"]

1. Nf3 Nf6 2. c4 c5 3. Nc3 Nc6 4. g3 g6 5. Bg2 Bg7 6. d4 cxd4 7. Nxd4 0-0 8. 0-0 d6 9. Nc2 Be6 10. b3 Qd7 11. Bb2 Bh3 12. Qd2 Bxg2 13. Kxg2 a6 14. Nd5 Nxd5 15. Bxg7 Nf4+ 16. Qxf4 Kxg7 17. Rfd1 Rfd8 18. Ne3 Qe6 19. Qf3 Rab8 20. Rac1 Ne5 21. Qd5 Nd7 22. Qd4+ Qe5 23. Nd5 Qxd4 24. Rxd4 Kf8 25. Rd2 Rbc8 26. Rdc2 e6 27. Nf4 Rc7 28. Kf1 Ke7 29. Ke1 Rdc8 30. Kd2 Rc6 31. Nd3 a5 32. Nb2 Nc5 33. Nd3 Na6 34. a3 e5 35. b4 axb4 36. axb4 R6c7 37. e4 Ke6 38. f3 f5 39. Rc3 Nb8 40. c5 Nd7 41. cxd6 Rxc3 42. Rxc3 Rxc3 43. Kxc3 Kxd6 44. Nb2 fxe4 45. fxe4 h5 46. Nd1 Nf6 47. Kd3 Ng4 48. h3 Nf6 49. Nc3 Kc6 1/2-1/2

[Event "Chigorin Memorial 17th"]
[Site "St Petersburg"]
[Date "2009.10.22"]
[Round "7"]
[White "Atlas, Eduard"]
[Black "Khojayan, Vardan"]
[Result "0-1"]
[WhiteElo "2060"]
[BlackElo "2229"]
[PlyCount "75"]
[EventDate "2009.10.16"]
[EventType "swiss"]
[EventRounds "9"]
[EventCountry "RUS"]
[SourceTitle "CBM 132 Extra"]
[Source "ChessBase"]
[SourceDate "2009.11.03"]
[SourceVersion "1"]
[SourceVersionDate "2009.11.03"]
[SourceQuality "1"]

1. e4 c5 2. c3 d5 3. exd5 Qxd5 4. d4 Nf6 5. Nf3 e6 6. Be2 Be7 7. 0-0 0-0 8. c4 Qd8 9. Nc3 Nc6 10. dxc5 Bxc5 11. Bg5 Qc7 12. a3 b6 13. b4 Be7 14. Nb5 Qb8 15. Bh4 Bb7 16. Qc2 a6 17. Nc3 h6 18. Rad1 Nh5 19. Bxe7 Nxe7 20. Ng5 hxg5 21. Bxh5 Nf5 22. Be2 Nh4 23. f3 g4 24. Ne4 gxf3 25. Bxf3 Nxf3+ 26. gxf3 Qe5 27. Qg2 a5 28. Rfe1 axb4 29. axb4 Ra3 30. Nd6 Re3 31. Qg3 Rxe1+ 32. Rxe1 Qd4+ 33. Kg2 Qd2+ 34. Kg1 Bxf3 35. c5 bxc5 36. bxc5 Bc6 37. Qf2 Qd5 38. Qe3 0-1

[Event "Chigorin Memorial 17th"]
[Site "St Petersburg"]
[Date "2009.10.18"]
[Round "3"]
[White "Pavlov, Sergey1111"]
[Black "Khojayan, Vardan"]
[Result "1-0"]
[WhiteElo "2507"]
[BlackElo "2229"]
[PlyCount "61"]
[EventDate "2009.10.16"]
[EventType "swiss"]
[EventRounds "9"]
[EventCountry "RUS"]
[SourceTitle "CBM 132 Extra"]
[Source "ChessBase"]
[SourceDate "2009.11.03"]
[SourceVersion "1"]
[SourceVersionDate "2009.11.03"]
[SourceQuality "1"]

1. c4 c5 2. Nf3 Nc6 3. Nc3 Nf6 4. d4 cxd4 5. Nxd4 e6 6. a3 a6 7. e4 Qc7 8. Be3 Be7 9. Be2 0-0 10. Rc1 Rd8 11. 0-0 Bd6 12. g3 Be5 13. Na4 Nxe4 14. Nf3 Rf8 15. Nxe5 Nxe5 16. Qd4 f5 17. Bf4 d6 18. f3 Nc6 19. Qb6 Qd7 20. fxe4 e5 21. Be3 f4 22. gxf4 Qh3 23. f5 Rf6 24. Bf3 d5 25. Bg2 Qh5 26. cxd5 Nd4 27. Qd8+ Rf8 28. Qg5 Qxg5 29. Bxg5 Ne2+ 30. Kh1 Nxc1 31. Nb6 1-0

[Event "Moscow op-A"]
[Site "Moscow"]
[Date "2009.02.06"]
[Round "7"]
[White "Gritsenko, Andrey"]
[Black "Khojayan, Vardan"]
[Result "1-0"]
[WhiteElo "2403"]
[BlackElo "2272"]
[PlyCount "57"]
[EventDate "2009.01.31"]
[EventType "swiss"]
[EventRounds "9"]
[EventCountry "RUS"]
[SourceTitle "EXT 2023"]
[Source "ChessBase"]
[SourceDate "2022.10.05"]
[SourceVersion "1"]
[SourceVersionDate "2022.10.05"]
[SourceQuality "1"]

1. e4 c5 2. Nf3 d6 3. d4 cxd4 4. Nxd4 Nf6 5. Nc3 a6 6. Bc4 e6 7. Bb3 Nbd7 8. f4 Nc5 9. 0-0 Be7 10. Qf3 0-0 11. Be3 Qc7 12. g4 b5 13. g5 Nfxe4 14. Nxe4 Bb7 15. Nxc5 Bxf3 16. Ncxe6 Qb7 17. Rxf3 fxe6 18. Nxe6 Rf7 19. Kg2 Rc8 20. Rd1 Rc4 21. h4 Qc8 22. Nd4 d5 23. Bxc4 bxc4 24. Ne2 Qf5 25. c3 Bd8 26. Ng3 Qd7 27. f5 Rf8 28. Bd4 Bc7 29. f6 1-0